000
00253nam a2200109Ia 4500
008
190216s9999||||xx |||||||||||||| ||und||
100
_a
Viswanath P Misra
245
0
_a
Hindi-Raskhini
260
_b
Varani Vihar Prakashan
650
_a
Hindi
942
_c
BK
999
_c
15240
_d
15240